00390cam a22001337a 4500008004000000082001500040100001400055245008100069250001700150260003200167300001000199650002300209700002400232180718b1983 xxu||||| |||| 00| 0 eng d aB2 R211/83 aRay, Amal aPolitical theory: ideas and institutionscby Amal Ray and Mohit Bhattacharya a8th rev. ed. aCalcuttabWorld Pressc1983 a596p. aPolitical science. aBhattacharya, Mohit